The Ultimate Oasis Quiz - Statistics

General Stats
  • This quiz has been taken 453 times
  • The average score is 9 of 15
Answer Stats
Hint Answer % Correct
True or false: Disregarding 'The Masterplan' Heathen Chemistry is Oasis' fourth album? False
96%
Yes or No: In the 'battle of britpop' Roll with it beat Blur to number one? No
94%
Oasis broke up in what year? 2009
88%
Liam idolised which singer/songwriter John Lennon
87%
Original Oasis member who went by the name 'bonehead' Paul arthurs
74%
Oasis' second best selling single Don't look back in anger
70%
Liam Gallaghers actual first name William
69%
Oasis signed first with what record label? Creation
66%
"Bound with all the weight of all...." the words he tried to say
58%
The first uk number one Some Might Say
55%
Which song from Definitely Maybe was intended by Alan Mcgee to be the first single Bring it on Down
49%
What reason did Liam give for backing out of MTV Unplugged? Sore throat
46%
How high in the charts did Wonderwall achieve? 2nd
32%
"Born on a different cloud, from the ones that...." Have burst 'round town
10%
"So help, me out, my friend. My head just...." started to hurt
5%
No matching quizzes found
Score Distribution
Percent of People with Each Score
Percentile by Number Answered
Your Score History
You have not taken this quiz